| 000 | 00462cam a2200193 4500 | ||
|---|---|---|---|
| 001 | D14582 | ||
| 008 | 090401t1970 xxu||||| |||| 00| 0 eng d | ||
| 035 | _a(Sirsi) u16659 | ||
| 041 | _aeng | ||
| 050 | _a225 | ||
| 110 |
_aBible _9105 |
||
| 245 | 4 | _aThe New English Bible: New Testament | |
| 250 | _a2nd | ||
| 260 |
_aOxford _bOxford University Press/Cambridge Univer _c1970 |
||
| 300 | _a446p. 23cm | ||
| 350 | _a1.25 | ||
| 942 | _n0 | ||
| 948 | _c04/03/1997 | ||
| 999 |
_c87443 _d87443 |
||